<?xml version="1.0" encoding="UTF-8"?>
<collection xmlns="http://www.loc.gov/MARC21/slim">
 <record>
  <leader>01805nam a2200325 a 4500</leader>
  <controlfield tag="001">14505130</controlfield>
  <controlfield tag="008">091011s2006    bg a     b    101 0 eng d</controlfield>
  <datafield tag="010" ind1=" " ind2=" ">
   <subfield code="a">  2006414387</subfield>
  </datafield>
  <datafield tag="020" ind1=" " ind2=" ">
   <subfield code="a">9840517554</subfield>
  </datafield>
  <datafield tag="040" ind1=" " ind2=" ">
   <subfield code="a">DLC</subfield>
   <subfield code="c">DLC</subfield>
  </datafield>
  <datafield tag="082" ind1="0" ind2="4">
   <subfield code="a">338.95492</subfield>
   <subfield code="2">22 </subfield>
  </datafield>
  <datafield tag="245" ind1="0" ind2="0">
   <subfield code="a">Growth and poverty :</subfield>
   <subfield code="b">the development experience of Bangladesh /</subfield>
   <subfield code="c">editors Sadiq Ahmed, Wahiduddin Mahmud.</subfield>
  </datafield>
  <datafield tag="260" ind1=" " ind2=" ">
   <subfield code="a">Dhaka :</subfield>
   <subfield code="b">The University Press,</subfield>
   <subfield code="c">2006.</subfield>
  </datafield>
  <datafield tag="300" ind1=" " ind2=" ">
   <subfield code="a">xxii, 315 p. :</subfield>
   <subfield code="b">ill. ;</subfield>
   <subfield code="c">22 cm.</subfield>
  </datafield>
  <datafield tag="520" ind1=" " ind2=" ">
   <subfield code="a">Contributed articles presented at a seminar held in Dhaka during June 26-27, 2003 organized at Bureau of Economic Research, University of Dhaka and with support of World Bank.</subfield>
  </datafield>
  <datafield tag="504" ind1=" " ind2=" ">
   <subfield code="a">Includes bibliographical references and index.</subfield>
  </datafield>
  <datafield tag="541" ind1="1" ind2=" ">
   <subfield code="e">00015129</subfield>
  </datafield>
  <datafield tag="650" ind1=" " ind2="0">
   <subfield code="a">Poverty</subfield>
   <subfield code="z">Bangladesh</subfield>
   <subfield code="v">Congresses.</subfield>
  </datafield>
  <datafield tag="651" ind1=" " ind2="0">
   <subfield code="a">Bangladesh</subfield>
   <subfield code="x">Economic policy.</subfield>
  </datafield>
  <datafield tag="651" ind1=" " ind2="0">
   <subfield code="a">Bangladesh</subfield>
   <subfield code="x">Social policy.</subfield>
  </datafield>
  <datafield tag="700" ind1="1" ind2=" ">
   <subfield code="a">Ahmed, Sadiq.</subfield>
  </datafield>
  <datafield tag="700" ind1="1" ind2=" ">
   <subfield code="a">Mahmud, Wahiduddin.</subfield>
  </datafield>
  <datafield tag="710" ind1="2" ind2=" ">
   <subfield code="a">World Bank.</subfield>
  </datafield>
  <datafield tag="710" ind1="2" ind2=" ">
   <subfield code="a">University of Dhaka.</subfield>
   <subfield code="b">Bureau of Economic Research.</subfield>
  </datafield>
  <datafield tag="852" ind1="4" ind2=" ">
   <subfield code="a">Ayesha Abed Library </subfield>
   <subfield code="j">General Shelf.</subfield>
  </datafield>
  <datafield tag="999" ind1=" " ind2=" ">
   <subfield code="c">4502</subfield>
   <subfield code="d">4502</subfield>
  </datafield>
  <datafield tag="952" ind1=" " ind2=" ">
   <subfield code="0">0</subfield>
   <subfield code="1">0</subfield>
   <subfield code="2">ddc</subfield>
   <subfield code="4">0</subfield>
   <subfield code="6">338_954920000000000_GRO_2006</subfield>
   <subfield code="7">0</subfield>
   <subfield code="9">4226</subfield>
   <subfield code="a">BRACUL</subfield>
   <subfield code="b">BRACUL</subfield>
   <subfield code="c">GEN</subfield>
   <subfield code="d">2009-10-12</subfield>
   <subfield code="g">650.00</subfield>
   <subfield code="l">3</subfield>
   <subfield code="m">13</subfield>
   <subfield code="o">338.95492 GRO</subfield>
   <subfield code="p">3010015129</subfield>
   <subfield code="r">2013-06-24</subfield>
   <subfield code="s">2013-04-18</subfield>
   <subfield code="t">1</subfield>
   <subfield code="v">1300.00</subfield>
   <subfield code="w">2009-10-12</subfield>
   <subfield code="y">BK</subfield>
  </datafield>
  <datafield tag="952" ind1=" " ind2=" ">
   <subfield code="0">0</subfield>
   <subfield code="1">0</subfield>
   <subfield code="2">ddc</subfield>
   <subfield code="4">0</subfield>
   <subfield code="6">338_954920000000000_GRO_2006</subfield>
   <subfield code="7">0</subfield>
   <subfield code="9">4236</subfield>
   <subfield code="a">BRACUL</subfield>
   <subfield code="b">BRACUL</subfield>
   <subfield code="c">GEN</subfield>
   <subfield code="d">2009-10-12</subfield>
   <subfield code="g">650.00</subfield>
   <subfield code="l">1</subfield>
   <subfield code="m">8</subfield>
   <subfield code="o">338.95492 GRO</subfield>
   <subfield code="p">3010015128</subfield>
   <subfield code="r">2016-03-20</subfield>
   <subfield code="s">2016-01-24</subfield>
   <subfield code="t">2</subfield>
   <subfield code="v">1300.00</subfield>
   <subfield code="w">2009-10-12</subfield>
   <subfield code="y">BK</subfield>
  </datafield>
  <datafield tag="952" ind1=" " ind2=" ">
   <subfield code="0">0</subfield>
   <subfield code="1">0</subfield>
   <subfield code="2">ddc</subfield>
   <subfield code="4">0</subfield>
   <subfield code="6">338_954920000000000_GRO</subfield>
   <subfield code="7">0</subfield>
   <subfield code="9">19132</subfield>
   <subfield code="a">JPGSPH</subfield>
   <subfield code="b">JPGSPH</subfield>
   <subfield code="c">GEN</subfield>
   <subfield code="d">2012-01-11</subfield>
   <subfield code="e">MPH</subfield>
   <subfield code="g">650.00</subfield>
   <subfield code="l">0</subfield>
   <subfield code="o">338.95492 GRO</subfield>
   <subfield code="p">3060024251</subfield>
   <subfield code="r">2012-01-15</subfield>
   <subfield code="t">3</subfield>
   <subfield code="w">2012-01-15</subfield>
   <subfield code="y">BK</subfield>
  </datafield>
  <datafield tag="952" ind1=" " ind2=" ">
   <subfield code="0">0</subfield>
   <subfield code="1">0</subfield>
   <subfield code="2">ddc</subfield>
   <subfield code="4">0</subfield>
   <subfield code="6">338_954920000000000_GRO</subfield>
   <subfield code="7">0</subfield>
   <subfield code="9">52439</subfield>
   <subfield code="a">SCL</subfield>
   <subfield code="b">SCL</subfield>
   <subfield code="c">GEN</subfield>
   <subfield code="d">2015-02-03</subfield>
   <subfield code="l">0</subfield>
   <subfield code="o">338.95492 GRO</subfield>
   <subfield code="p">3020006672</subfield>
   <subfield code="r">2015-02-03</subfield>
   <subfield code="t">4</subfield>
   <subfield code="w">2015-02-03</subfield>
   <subfield code="y">BK</subfield>
  </datafield>
 </record>
</collection>
